Statistics for Most Common Surnames in Scotland

Click here to take the quiz!

General Stats

  • This quiz has been taken 66 times
  • The average score is 6 of 20

Answer Stats

HintSurname% Correct
patronym (0.52%)Mac{Donald}
87%
occupational name (1.28%)Smith
77%
colour; nickname (0.94%)Brown
64%
patronym (0.89%){Wil}son
55%
patronym (0.70%){Ander}son
36%
nickname (0.77%)Campbell
34%
ethnic name (0.55%)Scott
34%
patronym (0.78%){Robert}son
34%
patronym (0.78%){Thom}son
32%
occupational name (0.49%)Taylor
26%
occupational name (0.73%)Stewart
25%
territorial name (0.53%)Murray
21%
patronym (0.40%){Pater}son
17%
patronym (0.41%){Wat}son
15%
occupational name (0.47%)Clark
13%
territorial name (0.43%)Ross
13%
patronym (0.40%){Morri}son
11%
nickname (0.52%)Reid
8%
nickname (0.42%)Young
8%
patronym; nickname (0.41%)Mitchell
6%

Score Distribution

Percentile by Number Answered

Percent of People with Each Score

Your Score History

You have not taken this quiz